000 00390nam a2200157Ia 4500
008 230524s9999 xx 000 0 und d
082 _a401.33
_bHAC
100 _aPanny Hanckeh
_917056
245 4 _aThe Sellection Interview
250 _a1ST
260 _aNEW DELHI
_bUniverse
_c2000
300 _aIX;342
500 _aQuantity Number: 1
650 _aMiscellaneous
_91877
942 _cBK
999 _c25757
_d25757